| 000 | 00552nam a22001937a 4500 | ||
|---|---|---|---|
| 003 | OSt | ||
| 005 | 20140310181727.0 | ||
| 008 | 130308t xxu||||| |||| 00| 0 eng d | ||
| 020 | _a0304318981 | ||
| 050 |
_aNE 1325.K3 _b.M61989 |
||
| 082 |
_aIB 769.924 _bM83 1989 |
||
| 100 | _aMorse, Peter | ||
| 245 |
_aHokusai : _bone hundred poets / _cPeter Morse. |
||
| 260 |
_bGeorge Braziller, Inc., Publishers, _c1989. _aNew York : |
||
| 300 |
_a222 p. : _bill. (some col.) ; _c25 cm. |
||
| 650 | _aHokusai, 1760-1849 | ||
| 942 |
_2lcc _cBK |
||
| 999 |
_c2244 _d2244 |
||